Využitie frameworkov Apache Kafka a Spark pre spracovanie údajov a detekciu bezpečnostných incidentov
Na minha lista:
| Autor principal: | |
|---|---|
| Outros Autores: | |
| Formato: | Manuscrito Livro |
| Idioma: | eslovaco |
| Publicado em: |
Bratislava :
STU v Bratislave FEI,
2023
|
| Assuntos: | |
| Acesso em linha: | https://opac.crzp.sk/?fn=detailBiblioFormChildQLPRV&sid=C0DEB8E07572332BA3200215805F&seo=CRZP-detail-kniha |
| Tags: |
Sem tags, seja o primeiro a adicionar uma tag!
|
MARC
| LEADER | 00000ntm a22000003a 4500 | ||
|---|---|---|---|
| 001 | stuzp91937 | ||
| 003 | SK-STU | ||
| 005 | 20241212142224.5 | ||
| 007 | ta | ||
| 008 | 150427s2015----xo-----f-mn---000-0-slo-d | ||
| 040 | |a STU |b slo | ||
| 041 | 0 | |a slo | |
| 044 | |a xo | ||
| 100 | 1 | |a Kukumberg, Tomáš |u 035000 |4 aut |U FEI Fakulta elektrotechniky a informatiky |T FEI Ústav informatiky a matematiky |X 79631 |U E050 |Y 816 |7 79631 | |
| 242 | 0 | 1 | |a Use of Apache Kafka and Spark frameworks for data processing and security incident detection |y eng |
| 245 | 1 | 0 | |a Využitie frameworkov Apache Kafka a Spark pre spracovanie údajov a detekciu bezpečnostných incidentov |
| 260 | |a Bratislava : |b STU v Bratislave FEI, |c 2023 | ||
| 300 | |a 53 s. | ||
| 650 | 4 | |a ASTD |2 slo | |
| 650 | 4 | |a Wazuh |2 slo | |
| 650 | 4 | |a Apache Kafka |2 slo | |
| 650 | 4 | |a ASTD |2 eng | |
| 650 | 4 | |a Wazuh |2 eng | |
| 650 | 4 | |a Apache Kafka |2 eng | |
| 700 | 1 | |a Balogh, Štefan |u 035000 |k Z1 |4 ths |U FEI Fakulta elektrotechniky a informatiky |T FEI Ústav informatiky a matematiky |X 30190 |U E050 |Y 816 |7 A000030190 | |
| 856 | 4 | |u https://opac.crzp.sk/?fn=detailBiblioFormChildQLPRV&sid=C0DEB8E07572332BA3200215805F&seo=CRZP-detail-kniha | |